Ricostruisci la Carriera del Calciatore - Alexander Isak - Statistics

Statistiche generali
  • Questo quiz è stato fatto 29 volte
  • Il punteggio medio è 4 su 5
Statistiche sulle risposte
Hint Risposta % Corretto
2016-2017 AIK
81%
2022- Newcastle Utd
81%
2019-2022 Real Sociedad
76%
2019 Willem II
76%
2017-2019 Borussia Dortmund
48%
Nessun quiz corrispondente trovato
Distribuzione punteggi
Percentuale di utenti per punteggio
Percentile per numero di risposta
I tuoi punteggi nel tempo
Non hai fatto questo quiz